000 01038nam a2200241 a 4500
001 BRCA_8962
005 20190320210455.0
008 050717s1773----sp-#######---#000-0#spa-#
041 _aspa
044 _asp
084 _aBE123
_b.P58 1773
100 1 _aPluche, Noël Antoine
_d1688-1761
_921346
245 1 0 _aEspectáculo de la naturaleza o conversaciones acerca de las particularidades de la historia natural, que han parecido más a propósito para excitar una curiosidad útil y formarles la razón a los jóvenes lectores
_cescrito en idioma francés por el abad M. Pluche; y traducido al castellano.
250 _a3a ed.
260 _aMadrid
_bEn la Imprenta de Pedro Marin
_c1773
300 _a394 p. (t.16)
_c20.6 x 14.9 cm
500 _aCon las licencias necesarias
500 _aEstado físico: presenta encuadernación en pergamino con
505 0 _aContenido : t.16, pte.8. Que contiene la demostración evangélica
650 1 4 _aCiencias naturales
_yObras anteriores a 1800
_921347
902 _aCFM
942 _2lcc
_cB
999 _c8613
_d8613